000 00413nam a22001697a 4500
005 20160519100736.0
008 160519b xxu||||| |||| 00| 0 eng d
020 _a9971-51351-X
041 _aeng
082 _b3117
100 _aDoajlas C&Montgomery
_9780
245 _aIntroduction to Statistical Quality Control
260 _bWiley India
_c2001
300 _a793
650 _aManagement
_9241
942 _cBK
999 _c1072
_d1072